Potential problems that can be encountered when assessing precast concrete non-traditional housing (Record no. 74747)

MARC details
000 -LEADER
fixed length control field 01123cab a2200229 4500
001 - CONTROL NUMBER
control field ABS68599
008 - FIXED-LENGTH DATA ELEMENTS--GENERAL INFORMATION
fixed length control field 050125n2005 000 0 eng u
035 ## - SYSTEM CONTROL NUMBER
System control number (Sirsi) u128598
245 ## - TITLE STATEMENT
Title Potential problems that can be encountered when assessing precast concrete non-traditional housing
260 ## - PUBLICATION, DISTRIBUTION, ETC.
Date of publication, distribution, etc. 2005
490 ## - SERIES STATEMENT
Series statement Building Engineer
Volume/sequential designation January 2005, 80(1) 28-29(2)
520 ## - SUMMARY, ETC.
Summary, etc. Describes the different types of problems that may be associated with precast reinforced concrete houses. Points out that when the home information pack is introduced in early 2007 a duty will be placed on inspectors and surveyors to identify houses of non-traditional construction in the home condition reports. The BRE has produced a new and detailed book which covers all types of non-traditional houses (ISBN 1860816975).
590 ## - LOCAL NOTE (RLIN)
Local note ABS
650 ## - SUBJECT ADDED ENTRY--TOPICAL TERM
Topical term or geographic name entry element PRECAST CONCRETE
650 ## - SUBJECT ADDED ENTRY--TOPICAL TERM
Topical term or geographic name entry element NON TRADITIONAL HOUSING
650 ## - SUBJECT ADDED ENTRY--TOPICAL TERM
Topical term or geographic name entry element REINFORCED CONCRETE
650 ## - SUBJECT ADDED ENTRY--TOPICAL TERM
Topical term or geographic name entry element BUILT ENVIRONMENT-BUILDING INSPECTION
650 ## - SUBJECT ADDED ENTRY--TOPICAL TERM
Topical term or geographic name entry element RAIN PENETRATION
650 ## - SUBJECT ADDED ENTRY--TOPICAL TERM
Topical term or geographic name entry element BUILDING DEFECTS
690 ## - LOCAL SUBJECT ADDED ENTRY--TOPICAL TERM (OCLC, RLIN)
Topical term or geographic name as entry element BUILT ENVIRONMENT-BUILDING PATHOLOGY
942 ## - ADDED ENTRY ELEMENTS (KOHA)
Suppress in OPAC 0
Holdings
Withdrawn status Lost status Source of classification or shelving scheme Damaged status Not for loan Home library Current library Shelving location Date acquired Total Checkouts Full call number Barcode Date last seen Copy number Price effective from Koha item type
    Dewey Decimal Classification     London London Journal article 01/02/2005   ABS68599 128598-1001 06/08/2019 1 06/08/2019 Journal article